000 00617nam a2200217Ia 4500
003 GCL
008 140319s9999 xx 000 0 ara d
040 _aGCL /
_cGCL
082 0 4 _a813.03
_bم س
100 1 _aمصطفى امين
245 1 0 _aسنة اولى سجن /
_cمصطفى امين
260 _a[S.N] :
_bالمكتب المصرى الحديث ،
_c1989
300 _a375 ص
490 _a
650 0 4 _aالادب العربى
650 0 4 _aالقصص العربية
650 0 4 _aالمذكرات
650 0 4 _aالتراجم الذاتية
650 0 4 _aمصطفى امين
942 _2ddc
_cBK
999 _c34393
_d34393